[Event "Bombeiros Fabom op 1st"]
[Site "Bombeiros"]
[Date "2020.02.29"]
[Round "3"]
[White "B Custodio, Cleber"]
[Black "Pinto Romano, Alexandre"]
[Result "0-1"]
[WhiteElo "1750"]
[BlackElo "1974"]
[PlyCount "92"]
[EventDate "2020.02.13"]
[EventType "swiss"]
[EventRounds "6"]
[EventCountry "BRA"]
[SourceTitle "EXT 2021"]
[Source "ChessBase"]
[SourceDate "2020.10.23"]
[SourceVersion "1"]
[SourceVersionDate "2020.10.23"]
[SourceQuality "1"]

1. d4 Nf6 2. Bf4 g6 3. Nf3 Bg7 4. e3 d6 5. Be2 0-0 6. h3 Nbd7 7. 0-0 Re8 8. c4 b6 9. Nc3 Bb7 10. Rc1 e5 11. dxe5 dxe5 12. Bg5 h6 13. Bh4 g5 14. Bg3 Ne4 15. Nxe4 Bxe4 16. Nd2 Bb7 17. e4 Nc5 18. Qc2 Qd4 19. Rfd1 Bxe4 20. Nxe4 Qxe4 21. Bf3 Qxc2 22. Rxc2 Rad8 23. Rcd2 Rxd2 24. Rxd2 f5 25. Bc6 Re7 26. f3 Ne6 27. Bd5 Kf8 28. Bxe6 Rxe6 29. Rd8+ Ke7 30. Rd2 f4 31. Bf2 e4 32. fxe4 Rxe4 33. b3 c5 34. Kf1 Bd4 35. Re2 Rxe2 36. Kxe2 Bxf2 37. Kxf2 h5 38. Kf3 Ke6 39. h4 Kf5 40. hxg5 Kxg5 41. g3 fxg3 42. Kxg3 h4+ 43. Kh3 Kh5 44. a3 a6 45. b4 a5 46. b5 a4 0-1

[Event "Bombeiros Fabom op 1st"]
[Site "Bombeiros"]
[Date "2020.02.20"]
[Round "2"]
[White "B Custodio, Cleber"]
[Black "Moreira, Marcos Tadeu Barbos"]
[Result "1-0"]
[WhiteElo "1750"]
[BlackElo "1502"]
[PlyCount "61"]
[EventDate "2020.02.13"]
[EventType "swiss"]
[EventRounds "6"]
[EventCountry "BRA"]
[SourceTitle "EXT 2021"]
[Source "ChessBase"]
[SourceDate "2020.10.23"]
[SourceVersion "1"]
[SourceVersionDate "2020.10.23"]
[SourceQuality "1"]

1. d4 Nf6 2. Bg5 d5 3. e3 Nbd7 4. Bd3 g6 5. Nd2 Bg7 6. c3 b6 7. Ngf3 0-0 8. 0-0 Bb7 9. Qe2 Qe8 10. Rfe1 e6 11. e4 h6 12. Bf4 c6 13. Bd6 c5 14. e5 Nh5 15. Bxf8 Nf4 16. Qf1 Nxd3 17. Qxd3 Nxf8 18. b3 Nh7 19. Re3 Qe7 20. g3 a5 21. Nh4 Ng5 22. f4 Ne4 23. Nxe4 dxe4 24. Qb5 Qc7 25. dxc5 bxc5 26. Rd1 Rd8 27. Rxd8+ Qxd8 28. Qxb7 Qd1+ 29. Kf2 Qd2+ 30. Re2 e3+ 31. Kf3 1-0